000 01033cam a2200277 a 4500
001 634204
003 ARRUPE
005 20150713115602.0
008 930122s1993 inua b 001 0 eng
010 _a 93016228
020 _a0253313317 (alk. paper)
020 _a0253208378 (pbk. : alk. paper)
040 _aDLC
_cDLC
_dDLC
050 0 0 _aB105.P53
_bC37 1993
082 0 0 _a114
_220
100 1 _aCasey, Edward S.,
_d1939-
_917963
245 1 0 _aGetting back into place :
_btoward a renewed understanding of the place-world /
_cEdward S. Casey.
260 _aBloomington :
_bIndiana University Press,
_cc1993.
300 _axx, 403 p. :
_bill. ;
_c24 cm.
440 0 _aStudies in Continental thought
_94942
504 _aIncludes bibliographical references (p. 315-395) and index.
650 0 _aPlace (Philosophy)
_917964
906 _a7
_bcbc
_corignew
_d1
_eocip
_f19
_gy-gencatlg
942 _2lcc
_cMONOGRAPH
999 _c122875
_d122875